000 00434nam a2200181Ia 4500
001 5181
005 20260306145849.0
008 260306t2012||||xx |||||||||||||| ||spa||
041 _aESP
082 _a337
_bK84
100 _aKrugman, Paul R.
_eAUT
245 0 _aEconomía internacional:
_bteoría y política
260 _c2012
300 _a721 páginas :
_c26 cm.
650 _aGEN
654 _aCAN
942 _cLIB
_dJUS
_fJUS
_2ddc
_n
999 _c5181
_d5181